000
00301nam a22001337a 4500
020
_q
PB.
040
_c
FIZZA ISHAQ
082
_a
526.9
_b
ABA
100
_a
BANNISTER,A.
_9
39636
245
_a
SURVEYING /
_c
A.BANNISTER.
260
_a
LONDON ;
_b
PEARSON,
_c
2017.
300
_a
512 P. ;
942
_2
ddc
_c
BK
999
_c
589788
_d
589788